000 00691nam a2200289Ia 4500
005 20260324131147.0
008 008 260324s9999 xx 000 0 eng d
020 _a9781315880617
037 _aEBOOK
040 _aCRL
040 _beng
040 _cCRL
041 _2eng
041 _aeng
084 _qCRL
100 _aJames W Ellor; C.W. Brister
_91184454
245 0 _aSpiritual Wisdom for Successful Retirement
245 0 _bLiving Forward
260 _bTaylor and Francis
260 _c2006
365 _a
365 _b65.99
856 _uhttp://www.taylorfrancis.com/books/9781315880617
942 _cEBOOK
999 _c1781363
_d1781363